Why The Hack Not Blueprints foe sucess from the Man Who Built DLF (Record no. 46471)
[ view plain ]
| 000 -LEADER | |
|---|---|
| fixed length control field | 00475nam a22001817a 4500 |
| 005 - DATE AND TIME OF LATEST TRANSACTION | |
| control field | 20250824185507.0 |
| 008 - FIXED-LENGTH DATA ELEMENTS--GENERAL INFORMATION | |
| fixed length control field | 250823b |||||||| |||| 00| 0 eng d |
| 020 ## - INTERNATIONAL STANDARD BOOK NUMBER | |
| International Standard Book Number | 9780143472889 |
| 041 ## - LANGUAGE CODE | |
| Language code of text/sound track or separate title | eng |
| 082 ## - DEWEY DECIMAL CLASSIFICATION NUMBER | |
| Classification number | 650.1 SIN |
| 100 ## - MAIN ENTRY--PERSONAL NAME | |
| Author | Singh,K P |
| 245 ## - TITLE STATEMENT | |
| Title | Why The Hack Not Blueprints foe sucess from the Man Who Built DLF |
| 260 ## - PUBLICATION, DISTRIBUTION, ETC. | |
| Place | Haryana |
| Publisher | Penguin Random House |
| Publication Year | 2024 |
| 300 ## - PHYSICAL DESCRIPTION | |
| Extent | 331;, p 24 cm |
| 700 ## - ADDED ENTRY--PERSONAL NAME | |
| Co-Author | Jain,Aparna |
| 773 ## - HOST ITEM ENTRY | |
| CD | Business |
| 942 ## - ADDED ENTRY ELEMENTS (KOHA) | |
| Koha item type | Books |
| Withdrawn status | Lost status | Source of classification or shelving scheme | Damaged status | Not for loan | Home library | Current library | Shelving location | Accession Date | Vendor | Price | Bill number | Full call number | Barcode No | Date last seen | Bill Date | Koha item type | Suggested By |
|---|---|---|---|---|---|---|---|---|---|---|---|---|---|---|---|---|---|
| Dewey Decimal Classification | IMTN | IMTN | Rack 18-B | 08/23/2025 | Amazon.in | 513.00 | NAG1-192421 | 650.1 SIN | 33937 | 08/23/2025 | 08/01/2025 | Books | Faculty Purchase By Dr. Abhishek N Singh |